000 002920000a22000970004500
100 1 _aStaley, Jeffrey L.
245 1 0 _aChanging woman : Postcolonial reflections on Acts 16.6-40
300 _aNúm 73 (1999), Páginas 113-135
773 0 _tJournal for the Study of the New Testament
942 _cANA
999 _c56002
_d56002